000 00657nam a2200241Ia 4500
003 OSt
005 20220918230437.0
006 a|||||r|||| 00| 0
007 ta
008 220917b |||||||| |||| 00| 0 eng d
024 _a252,916
037 _cTextual
040 _aARTS
_cARTS
_beng
041 _2eng
_aeng
082 _aZ:91z7, K1
100 _aGuest A G Ed.
_9152590
245 0 _aOxford essays in Jurisprudence
_b A collaborative work
260 _aLondon
_bOxford University Press UK
_c1961
300 _axvii,292p.
_ccm.
650 _aLAW
_97240
942 _hZ:91z7, K1
_cTEXL
_2CC
999 _c287999
_d287999